Comment accompagner les adolescents vers les soins psychiques ? Rôle du médecin scolaire (notice n° 1586991)
[ vue normale ]
| 000 -LEADER | |
|---|---|
| fixed length control field | 01508cam a2200241 4500500 |
| 005 - DATE AND TIME OF LATEST TRANSACTION | |
| control field | 20251228060116.0 |
| 041 ## - LANGUAGE CODE | |
| Language code of text/sound track or separate title | fre |
| 042 ## - AUTHENTICATION CODE | |
| Authentication code | dc |
| 100 10 - MAIN ENTRY--PERSONAL NAME | |
| Personal name | Ménigoz, Aude |
| Relator term | author |
| 245 00 - TITLE STATEMENT | |
| Title | Comment accompagner les adolescents vers les soins psychiques ? Rôle du médecin scolaire |
| 260 ## - PUBLICATION, DISTRIBUTION, ETC. | |
| Date of publication, distribution, etc. | 2005.<br/> |
| 500 ## - GENERAL NOTE | |
| General note | 61 |
| 520 ## - SUMMARY, ETC. | |
| Summary, etc. | Résumé Le médecin de l’Education nationale, placé au sein de l’établissement scolaire, rencontre à différentes occasions les adolescents. Sa connaissance du milieu, sa proximité spatiale, en font un intervenant de première ligne dans le repérage des difficultés psychologiques des jeunes. Mais ces mêmes conditions qui facilitent la rencontre avec l’adolescent sont également sources de difficultés. |
| 520 ## - SUMMARY, ETC. | |
| Summary, etc. | The school doctor, assigned to a college, meets adolescents in various situations. His knowledge of the Educational System and his proximity, give him the ability to be one of the major contributors for spotting the adolescent’s psychological disorders. However, these conditions that facilitate meeting with the adolescents are also sources of difficulties. |
| 690 ## - LOCAL SUBJECT ADDED ENTRY--TOPICAL TERM (OCLC, RLIN) | |
| Topical term or geographic name as entry element | adolescent |
| 690 ## - LOCAL SUBJECT ADDED ENTRY--TOPICAL TERM (OCLC, RLIN) | |
| Topical term or geographic name as entry element | scolarité |
| 690 ## - LOCAL SUBJECT ADDED ENTRY--TOPICAL TERM (OCLC, RLIN) | |
| Topical term or geographic name as entry element | soins psychiques |
| 690 ## - LOCAL SUBJECT ADDED ENTRY--TOPICAL TERM (OCLC, RLIN) | |
| Topical term or geographic name as entry element | adolescent |
| 690 ## - LOCAL SUBJECT ADDED ENTRY--TOPICAL TERM (OCLC, RLIN) | |
| Topical term or geographic name as entry element | school |
| 690 ## - LOCAL SUBJECT ADDED ENTRY--TOPICAL TERM (OCLC, RLIN) | |
| Topical term or geographic name as entry element | spotting psychological disorders |
| 786 0# - DATA SOURCE ENTRY | |
| Note | Enfances & Psy | 30 | 1 | 2005-12-01 | p. 92-100 | 1286-5559 |
| 856 41 - ELECTRONIC LOCATION AND ACCESS | |
| Uniform Resource Identifier | <a href="https://shs.cairn.info/revue-enfances-et-psy-2006-1-page-92?lang=fr&redirect-ssocas=7080">https://shs.cairn.info/revue-enfances-et-psy-2006-1-page-92?lang=fr&redirect-ssocas=7080</a> |
Pas d'exemplaire disponible.




Réseaux sociaux